00807naa#a2200157#i#4500001002200000005001700022100004100039102000700080200025300087210016900340215001000509608006000519700002800579700002800607856001400635RU\INFRA-M\bibl\1461420260511215522.1##a20250114b2025####ek#y0rusy0150####ca##aRU1#aРАЗРАБОТКА МЕТОДИЧЕСКОГО ПОДХОДА К ОПРЕДЕЛЕНИЮ СТОИМОСТИ РАБОТ ПО СОПРОВОЖДЕНИЮ ПРОГРАММНОГО ОБЕСПЕЧЕНИЯeСтатья/тезисы конференции1#aМоскваcОбщество с ограниченной ответственностью «Научно-издательский центр ИНФРА-М»d2025##a5 с.##aСтатья/тезисы конференции2local#1aЕфимоваgО. В.#1aБабошинgЕ. Б.4#azh-szf.ru